Music Quiz

Random Music or Rock Quiz

Which Band Member? Quiz Stats

 Plays Quiz Updated Sep 9, 2018

Score 0/20 Timer 04:00
5 Plays Today
Question Answer Wrong Answers
Which Queen member is Freddie Mercury? Freddie Mercury
96.5%
John Deacon
0.4%
Roger Taylor
0.4%
Brian May
0.8%
Which Destiny's Child member is Beyoncé? Beyoncé
96.2%
Kelly Rowland
0.7%
Michelle Williams
1%
Which KISS member is Gene Simmons? Gene Simmons
90.9%
Peter Criss
1.1%
Ace Frehley
2%
Paul Stanley
3.9%
Which Florence + the Machine member is Florence Welch? Florence Welch
87.5%
Isabella Summers
10.3%
Which Simon & Garfunkel member is Paul Simon? Paul Simon
87.2%
Art Garfunkel
10.7%
Which NWA member is Ice Cube? Ice Cube
83.9%
Dr. Dre
7%
Easy E
2.2%
MC Ren
4.6%
Which U2 member is the Edge? The Edge
81.9%
Bono
2.2%
Adam Clayton
9.5%
Larry Mullen
4.2%
Which Nirvana member is Krist Novoselic? Krist Novoselic
81.8%
Dave Grohl
12.4%
Kurt Cobain
3.6%
Which Beatles member is George Harrison? George Harrison
77.6%
Ringo Starr
9.7%
Paul Mccartney
2%
John Lennon
8.7%
Which Bee Gees member is Barry Gibb? Barry Gibb
77.5%
Robin Gibb
8.1%
Maurice Gibb
12.1%
Which Rolling Stones member is Keith Richards? Keith Richards
75.9%
Mick Jagger
5.9%
Ronnie Wood
13.4%
Charlie Watts
2.6%
Which Red Hot Chili Peppers member is Flea? Flea
75.5%
Josh Klinghoffer
8.1%
Anthony Kiedis
6.6%
Chad Smith
7.6%
Which Van Halen member is David Lee Roth? David Lee Roth
71.9%
Eddie Van Halen
11.3%
Alex Van Halen
5.2%
Michael Anthony
9.3%
Which 'N Sync member is Lance Bass? Lance Bass
66.6%
Justin Timberlake
4.2%
JC Chasez
11.5%
Joey Fatone
15.4%
Which ACDC member is Angus Young? Angus Young
64.8%
Brian Johnson
21.6%
Malcolm Young
7%
Phil Rudd
4.3%
Which Heart member is Ann Wilson? Ann Wilson
62.5%
Nancy Wilson
35.2%
Which Black Keys member is Dan Auerbach? Dan Auerbach
60.3%
Patrick Carney
37.2%
Which Led Zeppelin member is John Paul Jones? John Paul Jones
51.9%
John Bonham
19.2%
Jimmy Page
18.5%
Robert Plant
8.1%
Which Crosby, Stills & Nash member is Stephen Stills? Stephen Stills
48.6%
David Crosby
21.4%
Graham Nash
27.5%
Which Daft Punk member is Guy-Manuel de Homem-Christo? Guy-Manuel de Homem-Christo
48.1%
Thomas Bangalter
49.5%

You're not logged in!

Compare scores with friends on all Sporcle quizzes.
OR
Log In

Sporcle TV

Today on Sporcle TV


Watch our educational content, quiz creation guides, and fun videos on Sporcle TV.

Show Comments

Extras

Top Quizzes Today


Score Distribution

Your Account Isn't Verified!

In order to create a playlist on Sporcle, you need to verify the email address you used during registration. Go to your Sporcle Settings to finish the process.

Report this User

Report this user for behavior that violates our Community Guidelines.

Details: